Normal view
MARC view
- National security
Entry Topical Term
001 - CONTROL NUMBER
- control field: 106260
003 - CONTROL NUMBER IDENTIFIER
- control field: NUST
005 - DATE AND TIME OF LATEST TRANSACTION
- control field: 20221228165847.0
008 - FIXED-LENGTH DATA ELEMENTS
- fixed length control field: 221228|| aca||aabn | a|a d
040 ## - CATALOGING SOURCE
- Original cataloging agency: NUST
- Transcribing agency: NUST
150 ## - HEADING--TOPICAL TERM
- Topical term or geographic name entry element: National security
- Geographic subdivision: Europe
670 ## - SOURCE DATA FOUND
- Source citation: Work cat.: (NUST)186113: Yost, David S. 106258, France's deterrent posture and security in Europe /, 1984/5 [i.e. 1985]
